| 000 | 00590nam a22001817a 4500 | ||
|---|---|---|---|
| 008 | 130821s1855 gw gr eng | ||
| 040 |
_aCo-BoUCM _bspa |
||
| 041 | 0 | 0 | _aeng |
| 100 |
_aBunyan, John,1628-1688 _9150321 |
||
| 245 | 0 | 4 |
_aThe pilgrim's progress _cJohn Bunyan |
| 260 |
_aLeipzig (Sajonia, Alemania) _bBermand Tauchnitz _c1855 |
||
| 300 | _a364 páginas | ||
| 650 | 0 | 4 |
_aLiteratura italiana _918694 |
| 650 | 0 | 4 |
_aLiteratura italiana _ySiglo XIX _918694 |
| 650 | 0 | 4 |
_aSiglo XIX _924389 |
| 942 |
_cLIBRO _a18 _e1 _mB85 _n0 _2DEWEY _h850.91 |
||
| 999 |
_c87146 _d87146 |
||